Movies Quiz

Random Movies or Actor Quiz

Actors morphed together III Quiz Stats

 Plays Quiz not verified by Sporcle

Score 0/20 Timer 08:00
0 Plays Today
% Correct
Matt Damon
91.7%
Sandra Bullock
91.7%
Brad Pitt
85.4%
Cuba Gooding Jr.
81.3%
Adam Driver
79.2%
Joseph Gordon-Levitt
79.2%
Jane Fonda
77.1%
Val Kilmer
77.1%
Hugh Jackman
75%
Queen Latifah
75%
% Correct
Jennifer Aniston
68.8%
Nicolas Cage
68.8%
Joe Pesci
54.2%
Julianne Moore
52.1%
Michael B. Jordan
45.8%
Michelle Pfeiffer
43.8%
Chris Hemsworth
43.8%
Jon Lovitz
31.3%
Ken Watanabe
27.1%
Emma Stone
22.9%

You're not logged in!

Compare scores with friends on all Sporcle quizzes.
OR
Log In

Show Comments

Extras

Top Quizzes Today


Score Distribution

Your Account Isn't Verified!

In order to create a playlist on Sporcle, you need to verify the email address you used during registration. Go to your Sporcle Settings to finish the process.

Report this User

Report this user for behavior that violates our Community Guidelines.

Details: